00796nam a22001815i 4500001000700000003000900007005001700016008004100033040002000074245020500094260004700299300003700346650002600383700002400409852003600433999001900469952012600488160784ES-MaACL20230906212127.0040804s1870 sp |||| | spa d aCAM bspa cCAM03aLe nouveau jardinier illustré / crédigé par MM. F. Herincq ... [et al.]; avec plus de 500 dessins intercalés dans le texte de MM. Courtin, Faguet, Maubert et Riocreux; gravés par M. Bisson. aParis : blibrairie de E. Donnaud, c1870. aVIII, 1792 p. : bil. ; c19 cm.04aJardinería.9136318 1aHerincq, F.9127880 aES-MaACLjD-2641 z-- Enc. hol. c160784d160784 001040708LIBXIXaATENEOMbATENEOMcSVId2008-01-17eSSCl0oD-2641p901168373r2023-02-23 00:00:00w2023-02-23yMONANT